Issues in Educational research in Africa. (Record no. 2878)

MARC details
000 -LEADER
fixed length control field 00575nam a22001937a 4500
003 - CONTROL NUMBER IDENTIFIER
control field OSt
005 - DATE AND TIME OF LATEST TRANSACTION
control field 20151215144533.0
008 - FIXED-LENGTH DATA ELEMENTS--GENERAL INFORMATION
fixed length control field 151215b xxu||||| |||| 00| 0 eng d
020 ## - INTERNATIONAL STANDARD BOOK NUMBER
International Standard Book Number 9966469559
040 ## - CATALOGING SOURCE
Transcribing agency DDC
082 ## - DEWEY DECIMAL CLASSIFICATION NUMBER
Classification number 370 ISS 1995
100 ## - MAIN ENTRY--PERSONAL NAME
Personal name Edited by Mwiria, Kilemi;Wamahiu P.Sheila.
9 (RLIN) 6591
245 ## - TITLE STATEMENT
Title Issues in Educational research in Africa.
260 ## - PUBLICATION, DISTRIBUTION, ETC. (IMPRINT)
Place of publication, distribution, etc. Nairobi,
Name of publisher, distributor, etc. East African Educational Publishers.
Date of publication, distribution, etc. 1995
300 ## - PHYSICAL DESCRIPTION
Extent 202p;
Other physical details ill;
Dimensions 20cm
504 ## - BIBLIOGRAPHY, ETC. NOTE
Bibliography, etc references and index are included.
650 ## - SUBJECT ADDED ENTRY--TOPICAL TERM
Topical term or geographic name as entry element Educational research.
9 (RLIN) 5824
942 ## - ADDED ENTRY ELEMENTS (KOHA)
Source of classification or shelving scheme Dewey Decimal Classification
Koha item type Short Loan
Holdings
Withdrawn status Lost status Source of classification or shelving scheme Damaged status Not for loan Home library Current library Date acquired Source of acquisition Inventory number Total Checkouts Full call number Barcode Date last seen Price effective from Koha item type
    Dewey Decimal Classification     MUST Main Library MUST Main Library 15/12/2015   98/12049   370 ISS 1995 2015-3000 15/12/2015 15/12/2015 Short Loan
    Dewey Decimal Classification     MUST Main Library MUST Main Library 13/05/2016   1998/12048   370 ISS 1995 2016-1866 13/05/2016 13/05/2016 Short Loan